Rhett Butler's people / (Record no. 233666)

000 -LEADER
fixed length control field 01415cam a2200349 a 4500
001 - CONTROL NUMBER
control field 14954554
003 - CONTROL NUMBER IDENTIFIER
control field Nust
005 - DATE AND TIME OF LATEST TRANSACTION
control field 20170309160149.0
008 - FIXED-LENGTH DATA ELEMENTS--GENERAL INFORMATION
fixed length control field 070806s2007 nyu 000 1 eng
010 ## - LIBRARY OF CONGRESS CONTROL NUMBER
LC control number 2007032520
020 ## - INTERNATIONAL STANDARD BOOK NUMBER
International Standard Book Number 9780312262518
020 ## - INTERNATIONAL STANDARD BOOK NUMBER
International Standard Book Number 9780330455824
035 ## - SYSTEM CONTROL NUMBER
System control number (OCoLC)ocn154806776
035 ## - SYSTEM CONTROL NUMBER
System control number (OCoLC)154806776
040 ## - CATALOGING SOURCE
Original cataloging agency DLC
Transcribing agency DLC
Modifying agency BTCTA
-- BAKER
-- UPZ
-- WIQ
-- C#P
-- YDXCP
-- VP@
-- DLC
043 ## - GEOGRAPHIC AREA CODE
Geographic area code n-us-sc
050 00 - LIBRARY OF CONGRESS CALL NUMBER
Classification number PS3563.A2555
Item number R48 2007
082 00 - DEWEY DECIMAL CLASSIFICATION NUMBER
Classification number 813.54
Author Mark MCC
100 1# - MAIN ENTRY--PERSONAL NAME
Personal name McCaig, Donald.
245 10 - TITLE STATEMENT
Title Rhett Butler's people /
Statement of responsibility, etc. Donald McCaig.
250 ## - EDITION STATEMENT
Edition statement 1st ed.
260 ## - PUBLICATION, DISTRIBUTION, ETC.
Place of publication, distribution, etc. New York :
Name of publisher, distributor, etc. St. Martin's Press,
Date of publication, distribution, etc. 2007.
300 ## - PHYSICAL DESCRIPTION
Extent 518 p. ;
Dimensions 25 cm.
500 ## - GENERAL NOTE
General note Sequel to Margaret Mitchell's Gone with the wind.
651 #0 - SUBJECT ADDED ENTRY--GEOGRAPHIC NAME
Geographic name South Carolina
Form subdivision Fiction.
651 #0 - SUBJECT ADDED ENTRY--GEOGRAPHIC NAME
Geographic name United States
General subdivision History
Chronological subdivision 1815-1861
Form subdivision Fiction.
655 #7 - INDEX TERM--GENRE/FORM
Genre/form data or focus term Historical fiction.
Source of term gsafd
700 1# - ADDED ENTRY--PERSONAL NAME
Personal name Mitchell, Margaret,
Dates associated with a name 1900-1949.
Title of a work Gone with the wind.
856 42 - ELECTRONIC LOCATION AND ACCESS
Materials specified Publisher description
Uniform Resource Identifier <a href="http://www.loc.gov/catdir/enhancements/fy0743/2007032520-d.html">http://www.loc.gov/catdir/enhancements/fy0743/2007032520-d.html</a>
856 42 - ELECTRONIC LOCATION AND ACCESS
Materials specified Contributor biographical information
Uniform Resource Identifier <a href="http://www.loc.gov/catdir/enhancements/fy0743/2007032520-b.html">http://www.loc.gov/catdir/enhancements/fy0743/2007032520-b.html</a>
906 ## - LOCAL DATA ELEMENT F, LDF (RLIN)
a 7
b cbc
c orignew
d 1
e ecip
f 20
g y-gencatlg
942 ## - ADDED ENTRY ELEMENTS (KOHA)
Source of classification or shelving scheme
Koha item type Book
Holdings
Withdrawn status Lost status Source of classification or shelving scheme Damaged status Not for loan Collection code Permanent Location Current Location Shelving location Date acquired Total Checkouts Full call number Barcode Date last seen Copy number Price effective from Koha item type
            Central Library (CL) Central Library (CL) Fiction 03/09/2017   813.54 MCC CL566 03/09/2017 1 03/09/2017 Book
© 2023 Central Library, National University of Sciences and Technology. All Rights Reserved.